[Event "DEM U10w 2023"]
[Site "Willingen GER"]
[Date "2023.05.29"]
[Round "3"]
[White "Kühn, Nicole"]
[Black "Bacakova, Klara"]
[Result "0-1"]
[Termination "normal"]
[Board "6"]
[WhiteElo "1048"]
[BlackElo "1289"]
[WhiteClock "00:43:54"]
[BlackClock "00:09:17"]
[PlyCount "102"]
[WhiteFideId "34610510"]
[BlackFideId "34605762"]
[EventCountry "GER"]
[EventRounds "11"]
[EventType "swiss"]
[EventDate "2023.05.27"]

1. e4 {[%clk 01:15:46]} {[%emt 00:00:10]} c5 {[%clk 01:15:49]} {[%emt
00:00:12]} 2. c3 {[%clk 01:15:42]} {[%emt 00:00:34]} d5 {[%clk 01:16:11]}
{[%emt 00:00:08]} 3. exd5 {[%clk 01:14:59]} {[%emt 00:01:13]} Qxd5 {[%clk
01:16:30]} {[%emt 00:00:11]} 4. d4 {[%clk 01:14:27]} {[%emt 00:01:02]} Nc6
{[%clk 01:16:50]} {[%emt 00:00:10]} 5. Nf3 {[%clk 01:13:16]} {[%emt 00:01:40]}
Bg4 {[%clk 01:17:04]} {[%emt 00:00:16]} 6. Be2 {[%clk 01:11:28]} {[%emt
00:02:18]} cxd4 {[%clk 01:17:18]} {[%emt 00:00:17]} 7. cxd4 {[%clk 01:09:44]}
{[%emt 00:02:14]} e6 {[%clk 01:17:12]} {[%emt 00:00:35]} 8. Nc3 {[%clk
01:08:26]} {[%emt 00:01:49]} Qa5 {[%clk 01:13:06]} {[%emt 00:04:36]} 9. O-O
{[%clk 01:07:11]} {[%emt 00:01:46]} Nf6 {[%clk 01:12:47]} {[%emt 00:00:48]} 10.
Be3 {[%clk 01:05:06]} {[%emt 00:02:35]} Bd6 {[%clk 01:11:06]} {[%emt 00:02:10]}
11. a3 {[%clk 01:00:02]} {[%emt 00:05:35]} Nd5 {[%clk 00:53:11]} {[%emt
00:18:24]} 12. Nb5 {[%clk 00:58:31]} {[%emt 00:02:01]} Qd8 {[%clk 00:52:10]}
{[%emt 00:01:32]} 13. Nxd6+ {[%clk 00:58:06]} {[%emt 00:00:55]} Qxd6 {[%clk
00:52:27]} {[%emt 00:00:13]} 14. Qd2 {[%clk 00:56:03]} {[%emt 00:02:33]} O-O
{[%clk 00:49:59]} {[%emt 00:02:58]} 15. Rfd1 {[%clk 00:55:48]} {[%emt
00:00:44]} Rfd8 {[%clk 00:49:07]} {[%emt 00:01:23]} 16. Rac1 {[%clk 00:54:55]}
{[%emt 00:01:23]} Rac8 {[%clk 00:47:09]} {[%emt 00:02:27]} 17. b4 {[%clk
00:52:51]} {[%emt 00:02:34]} a6 {[%clk 00:43:46]} {[%emt 00:03:53]} 18. Ng5
{[%clk 00:51:02]} {[%emt 00:02:20]} Bxe2 {[%clk 00:38:58]} {[%emt 00:05:17]}
19. Qxe2 {[%clk 00:51:19]} {[%emt 00:00:13]} Nf6 {[%clk 00:38:15]} {[%emt
00:01:14]} 20. f3 {[%clk 00:49:49]} {[%emt 00:02:00]} Nxd4 {[%clk 00:31:22]}
{[%emt 00:07:23]} 21. Bxd4 {[%clk 00:48:21]} {[%emt 00:01:57]} Rxc1 {[%clk
00:30:41]} {[%emt 00:01:12]} 22. Rxc1 {[%clk 00:47:52]} {[%emt 00:01:00]} Qxd4+
{[%clk 00:31:00]} {[%emt 00:00:10]} 23. Kh1 {[%clk 00:47:12]} {[%emt 00:01:04]}
h6 {[%clk 00:30:36]} {[%emt 00:00:59]} 24. Nh3 {[%clk 00:47:01]} {[%emt
00:00:38]} Qd2 {[%clk 00:29:24]} {[%emt 00:01:45]} 25. Qxd2 {[%clk 00:47:07]}
{[%emt 00:00:25]} Rxd2 {[%clk 00:29:45]} {[%emt 00:00:08]} 26. Rc8+ {[%clk
00:47:33]} {[%emt 00:00:05]} Kh7 {[%clk 00:29:57]} {[%emt 00:00:18]} 27. Rc7
{[%clk 00:47:32]} {[%emt 00:00:31]} Rd7 {[%clk 00:28:36]} {[%emt 00:01:51]} 28.
Rc8 {[%clk 00:46:43]} {[%emt 00:01:18]} Nd5 {[%clk 00:27:14]} {[%emt 00:01:53]}
29. Rc5 {[%clk 00:46:08]} {[%emt 00:01:04]} Nf4 {[%clk 00:25:46]} {[%emt
00:01:59]} 30. Nf2 {[%clk 00:45:47]} {[%emt 00:00:51]} Nd5 {[%clk 00:23:05]}
{[%emt 00:03:11]} 31. b5 {[%clk 00:45:05]} {[%emt 00:01:10]} axb5 {[%clk
00:23:07]} {[%emt 00:00:30]} 32. Rxb5 {[%clk 00:45:23]} {[%emt 00:00:12]} Rc7
{[%clk 00:23:19]} {[%emt 00:00:17]} 33. h3 {[%clk 00:45:35]} {[%emt 00:00:18]}
Nc3 {[%clk 00:21:07]} {[%emt 00:02:43]} 34. Rb3 {[%clk 00:45:42]} {[%emt
00:00:23]} Nd5 {[%clk 00:19:09]} {[%emt 00:02:29]} 35. Ne4 {[%clk 00:45:52]}
{[%emt 00:00:18]} b6 {[%clk 00:19:05]} {[%emt 00:00:35]} 36. Nd2 {[%clk
00:45:45]} {[%emt 00:00:37]} Rc3 {[%clk 00:18:15]} {[%emt 00:01:20]} 37. Rxc3
{[%clk 00:45:04]} {[%emt 00:01:11]} Nxc3 {[%clk 00:18:34]} {[%emt 00:00:10]}
38. Nc4 {[%clk 00:43:55]} {[%emt 00:01:39]} Nd5 {[%clk 00:18:45]} {[%emt
00:00:20]} 39. Kg1 {[%clk 00:43:53]} {[%emt 00:00:32]} Kg6 {[%clk 00:18:48]}
{[%emt 00:00:27]} 40. Kf2 {[%clk 00:43:39]} {[%emt 00:00:43]} Kf6 {[%clk
00:17:32]} {[%emt 00:01:47]} 41. g4 {[%clk 00:43:50]} {[%emt 00:00:18]} g6
{[%clk 00:17:12]} {[%emt 00:00:50]} 42. Kg3 {[%clk 00:43:53]} {[%emt 00:00:27]}
b5 {[%clk 00:15:13]} {[%emt 00:02:29]} 43. Nd6 {[%clk 00:44:06]} {[%emt
00:00:18]} Nc3 {[%clk 00:12:40]} {[%emt 00:03:02]} 44. h4 {[%clk 00:42:57]}
{[%emt 00:01:39]} Ke7 {[%clk 00:12:13]} {[%emt 00:00:58]} 45. Ne4 {[%clk
00:42:27]} {[%emt 00:01:00]} Nxe4+ {[%clk 00:08:23]} {[%emt 00:04:19]} 46. fxe4
{[%clk 00:42:50]} {[%emt 00:00:08]} Kd6 {[%clk 00:08:38]} {[%emt 00:00:15]} 47.
Kf4 {[%clk 00:43:05]} {[%emt 00:00:15]} Kc5 {[%clk 00:08:15]} {[%emt 00:00:54]}
48. Ke5 {[%clk 00:43:08]} {[%emt 00:00:27]} Kc4 {[%clk 00:08:16]} {[%emt
00:00:28]} 49. Kf6 {[%clk 00:43:31]} {[%emt 00:00:07]} Kb3 {[%clk 00:08:31]}
{[%emt 00:00:16]} 50. Kxf7 {[%clk 00:43:54]} {[%emt 00:00:06]} Kxa3 {[%clk
00:08:53]} {[%emt 00:00:07]} 51. Kxe6 {[%clk 00:43:54]} {[%emt 00:00:31]} b4
{[%clk 00:09:17]} {[%emt 00:00:06]} *

[Event "DEM U10w 2023"]
[Site "Willingen GER"]
[Date "2023.05.29"]
[Round "3"]
[White "Gubler, Sarah"]
[Black "Nönnig, Lotte"]
[Result "1-0"]
[Termination "normal"]
[Board "7"]
[WhiteElo "1139"]
[BlackElo "1341"]
[WhiteClock "01:08:36"]
[BlackClock "00:09:34"]
[PlyCount "57"]
[BlackFideId "34611509"]
[EventCountry "GER"]
[EventRounds "11"]
[EventType "swiss"]
[EventDate "2023.05.27"]

1. e4 {[%clk 01:15:59]} e5 {[%clk 01:15:50]} {[%emt 00:00:11]} 2. Nf3 {[%clk
01:16:24]} {[%emt 00:00:05]} Nc6 {[%clk 01:16:15]} {[%emt 00:00:06]} 3. Bc4
{[%clk 01:16:48]} {[%emt 00:00:05]} Bc5 {[%clk 01:16:40]} {[%emt 00:00:05]} 4.
Nc3 {[%clk 01:17:12]} {[%emt 00:00:05]} Nf6 {[%clk 01:16:38]} {[%emt 00:00:33]}
5. d3 {[%clk 01:17:36]} {[%emt 00:00:06]} h6 {[%clk 01:16:49]} {[%emt
00:00:19]} 6. h3 {[%clk 01:17:59]} {[%emt 00:00:05]} O-O {[%clk 01:17:07]}
{[%emt 00:00:13]} 7. g4 {[%clk 01:18:26]} {[%emt 00:00:03]} d6 {[%clk
01:15:10]} {[%emt 00:02:28]} 8. g5 {[%clk 01:18:30]} {[%emt 00:00:26]} hxg5
{[%clk 01:04:07]} {[%emt 00:11:32]} 9. Bxg5 {[%clk 01:18:28]} {[%emt 00:00:31]}
Be6 {[%clk 00:59:15]} {[%emt 00:05:24]} 10. Nd5 {[%clk 01:18:17]} {[%emt
00:00:41]} Bxd5 {[%clk 00:58:13]} {[%emt 00:01:32]} 11. exd5 {[%clk 01:17:49]}
{[%emt 00:00:55]} Nd4 {[%clk 00:56:54]} {[%emt 00:01:52]} 12. c3 {[%clk
01:16:07]} {[%emt 00:02:12]} Nf5 {[%clk 00:54:29]} {[%emt 00:02:54]} 13. d4
{[%clk 01:15:36]} {[%emt 00:01:01]} exd4 {[%clk 00:54:03]} {[%emt 00:00:57]}
14. cxd4 {[%clk 01:15:37]} {[%emt 00:00:29]} Re8+ {[%clk 00:52:41]} {[%emt
00:01:52]} 15. Be2 {[%clk 01:15:28]} {[%emt 00:00:38]} Bb4+ {[%clk 00:51:59]}
{[%emt 00:01:12]} 16. Kf1 {[%clk 01:15:06]} {[%emt 00:00:51]} Qe7 {[%clk
00:50:07]} {[%emt 00:02:23]} 17. Rg1 {[%clk 01:14:13]} {[%emt 00:01:22]} c5
{[%clk 00:47:31]} {[%emt 00:03:08]} 18. Bb5 {[%clk 01:13:13]} {[%emt 00:01:29]}
Rec8 {[%clk 00:46:07]} {[%emt 00:01:42]} 19. Qd3 {[%clk 01:12:52]} {[%emt
00:00:58]} Nxd4 {[%clk 00:41:51]} {[%emt 00:04:53]} 20. Nxd4 {[%clk 01:13:07]}
{[%emt 00:00:14]} Kf8 {[%clk 00:28:39]} {[%emt 00:13:42]} 21. Nf5 {[%clk
01:10:43]} {[%emt 00:02:49]} Qe5 {[%clk 00:27:42]} {[%emt 00:01:32]} 22. f4
{[%clk 01:09:36]} {[%emt 00:01:36]} Qxb2 {[%clk 00:24:19]} {[%emt 00:03:52]}
23. Rb1 {[%clk 01:08:29]} {[%emt 00:01:38]} Qxa2 {[%clk 00:21:04]} {[%emt
00:03:45]} 24. Bxf6 {[%clk 01:08:29]} {[%emt 00:00:29]} gxf6 {[%clk 00:19:33]}
{[%emt 00:02:04]} 25. Rg2 {[%clk 01:08:31]} {[%emt 00:00:27]} Qa5 {[%clk
00:14:48]} {[%emt 00:05:15]} 26. Bd7 {[%clk 01:08:32]} {[%emt 00:00:26]} Rd8
{[%clk 00:13:44]} {[%emt 00:01:38]} 27. Qg3 {[%clk 01:08:34]} {[%emt 00:00:20]}
Qa6+ {[%clk 00:12:21]} {[%emt 00:01:59]} 28. Kg1 {[%clk 01:08:15]} {[%emt
00:00:49]} Rxd7 {[%clk 00:09:34]} {[%emt 00:03:18]} 29. Qg8# {[%clk 01:08:36]}
{[%emt 00:00:08]} 1-0

[Event "DEM U10w 2023"]
[Site "Willingen GER"]
[Date "2023.05.29"]
[Round "3"]
[White "Wieckowicz, Bui Havy"]
[Black "Frydel, Helena"]
[Result "0-1"]
[Termination "normal"]
[Board "8"]
[WhiteElo "1065"]
[BlackElo "1161"]
[WhiteClock "00:34:56"]
[BlackClock "00:32:50"]
[PlyCount "60"]
[WhiteFideId "34639926"]
[BlackFideId "16266536"]
[EventCountry "GER"]
[EventRounds "11"]
[EventType "swiss"]
[EventDate "2023.05.27"]

1. e4 {[%emt 00:00:03]} e5 {[%clk 01:15:53]} {[%emt 00:00:08]} 2. Nf3 {[%clk
01:16:23]} {[%emt 00:00:03]} Nf6 {[%clk 01:16:04]} {[%emt 00:00:20]} 3. Nxe5
{[%clk 01:16:41]} {[%emt 00:00:11]} d6 {[%clk 01:16:26]} {[%emt 00:00:09]} 4.
Nf3 {[%clk 01:17:03]} {[%emt 00:00:07]} Nxe4 {[%clk 01:16:51]} {[%emt
00:00:06]} 5. d4 {[%clk 01:17:08]} {[%emt 00:00:25]} d5 {[%clk 01:16:36]}
{[%emt 00:00:45]} 6. Bd3 {[%clk 01:17:24]} {[%emt 00:00:06]} Bg4 {[%clk
01:16:41]} {[%emt 00:00:32]} 7. c3 {[%clk 01:17:38]} {[%emt 00:00:13]} Be7
{[%clk 01:15:48]} {[%emt 00:01:26]} 8. O-O {[%clk 01:17:56]} {[%emt 00:00:12]}
O-O {[%clk 01:15:58]} {[%emt 00:00:21]} 9. Nbd2 {[%clk 01:17:55]} {[%emt
00:00:30]} Nxd2 {[%clk 01:16:11]} {[%emt 00:00:18]} 10. Bxd2 {[%clk 01:16:50]}
{[%emt 00:00:25]} Nc6 {[%clk 01:14:30]} {[%emt 00:03:22]} 11. Re1 {[%clk
01:16:34]} {[%emt 00:00:44]} Re8 {[%clk 01:08:31]} {[%emt 00:06:30]} 12. Be2
{[%clk 01:14:01]} {[%emt 00:02:50]} Bf6 {[%clk 01:05:53]} {[%emt 00:03:21]} 13.
Qb3 {[%clk 01:13:27]} {[%emt 00:01:01]} Na5 {[%clk 00:57:14]} {[%emt 00:09:12]}
14. Qa4 {[%clk 01:13:19]} {[%emt 00:00:31]} Nc6 {[%clk 00:55:32]} {[%emt
00:02:19]} 15. Qb3 {[%clk 01:12:54]} {[%emt 00:00:53]} Rb8 {[%clk 00:54:03]}
{[%emt 00:02:01]} 16. h3 {[%clk 01:10:39]} {[%emt 00:02:44]} Bh5 {[%clk
00:52:03]} {[%emt 00:02:31]} 17. a3 {[%clk 01:05:50]} {[%emt 00:05:14]} Qd6
{[%clk 00:45:42]} {[%emt 00:06:56]} 18. Bf4 {[%clk 00:56:53]} {[%emt 00:09:26]}
Qxf4 {[%clk 00:40:52]} {[%emt 00:05:21]} 19. Bc4 {[%clk 00:56:34]} {[%emt
00:00:47]} dxc4 {[%clk 00:39:12]} {[%emt 00:02:12]} 20. Qxb7 {[%clk 00:56:29]}
{[%emt 00:00:29]} Rxe1+ {[%clk 00:36:06]} {[%emt 00:03:42]} 21. Rxe1 {[%clk
00:56:23]} {[%emt 00:00:34]} Qd6 {[%clk 00:34:40]} {[%emt 00:01:54]} 22. Qa6
{[%clk 00:35:33]} {[%emt 00:21:23]} g6 {[%clk 00:32:50]} {[%emt 00:02:19]} 23.
Qxc4 {[%clk 00:34:56]} {[%emt 00:02:05]} Rxb2 {[%clk 00:32:50]} {[%emt
00:00:51]} 24. g4 {[%clk 00:34:56]} {[%emt 00:01:08]} Na5 {[%clk 00:32:50]}
{[%emt 00:04:53]} 25. Qa4 {[%clk 00:34:56]} {[%emt 00:00:41]} Qf4 {[%clk
00:32:50]} {[%emt 00:01:21]} 26. Rf1 {[%clk 00:34:56]} {[%emt 00:00:49]} Qxf3
{[%clk 00:32:50]} {[%emt 00:02:17]} 27. Qxa5 {[%clk 00:34:56]} {[%emt
00:00:22]} Bh4 {[%clk 00:32:50]} {[%emt 00:01:29]} 28. gxh5 {[%clk 00:34:56]}
{[%emt 00:00:20]} Bxf2+ {[%clk 00:32:50]} {[%emt 00:00:17]} 29. Kh2 {[%clk
00:34:56]} {[%emt 00:00:15]} Bg3+ {[%clk 00:32:50]} {[%emt 00:00:37]} 30. Kg1
{[%clk 00:34:56]} {[%emt 00:00:21]} Qg2# {[%clk 00:32:50]} {[%emt 00:00:12]}
0-1

[Event "DEM U10w 2023"]
[Site "Willingen GER"]
[Date "2023.05.29"]
[Round "3"]
[White "Lukas, Olivia"]
[Black "Hendler, Felicitas"]
[Result "1-0"]
[Termination "normal"]
[Board "9"]
[WhiteElo "1288"]
[BlackElo "1049"]
[WhiteClock "01:11:00"]
[BlackClock "01:06:28"]
[PlyCount "23"]
[WhiteFideId "34632239"]
[BlackFideId "34616519"]
[EventCountry "GER"]
[EventRounds "11"]
[EventType "swiss"]
[EventDate "2023.05.27"]

1. e4 {[%clk 01:15:58]} e5 {[%clk 01:15:48]} {[%emt 00:00:13]} 2. Nf3 {[%clk
01:16:25]} {[%emt 00:00:03]} Nc6 {[%clk 01:16:05]} {[%emt 00:00:14]} 3. Bc4
{[%clk 01:16:50]} {[%emt 00:00:05]} Nf6 {[%clk 01:16:26]} {[%emt 00:00:08]} 4.
Ng5 {[%clk 01:17:16]} {[%emt 00:00:05]} Bc5 {[%clk 01:16:30]} {[%emt 00:00:26]}
5. Bxf7+ {[%clk 01:17:32]} {[%emt 00:00:13]} Ke7 {[%clk 01:16:41]} {[%emt
00:00:18]} 6. Bd5 {[%clk 01:17:56]} {[%emt 00:00:06]} Nb4 {[%clk 01:10:12]}
{[%emt 00:07:00]} 7. O-O {[%clk 01:15:45]} {[%emt 00:02:42]} Nbxd5 {[%clk
01:09:43]} {[%emt 00:00:58]} 8. exd5 {[%clk 01:16:03]} {[%emt 00:00:11]} Nxd5
{[%clk 01:09:33]} {[%emt 00:00:41]} 9. Re1 {[%clk 01:13:29]} {[%emt 00:03:04]}
d6 {[%clk 01:09:11]} {[%emt 00:00:52]} 10. d4 {[%clk 01:11:40]} {[%emt
00:02:19]} Bxd4 {[%clk 01:08:03]} {[%emt 00:01:38]} 11. Qxd4 {[%clk 01:11:17]}
{[%emt 00:00:51]} Kf8 {[%clk 01:06:28]} {[%emt 00:02:07]} 12. Qxd5 {[%clk
01:11:00]} {[%emt 00:00:47]} 1-0

[Event "DEM U10w 2023"]
[Site "Willingen GER"]
[Date "2023.05.29"]
[Round "3"]
[White "Klymenko, Mariia"]
[Black "Lange, Lene Marie"]
[Result "1/2-1/2"]
[Termination "normal"]
[Board "10"]
[WhiteElo "1039"]
[BlackElo "1168"]
[WhiteClock "00:37:59"]
[BlackClock "00:55:40"]
[PlyCount "74"]
[WhiteFideId "34620621"]
[BlackFideId "34639748"]
[EventCountry "GER"]
[EventRounds "11"]
[EventType "swiss"]
[EventDate "2023.05.27"]

1. e4 {[%clk 01:15:58]} c5 {[%clk 01:15:51]} {[%emt 00:00:10]} 2. Nc3 {[%clk
01:16:18]} {[%emt 00:00:10]} e6 {[%clk 01:16:05]} {[%emt 00:00:15]} 3. f4
{[%clk 01:16:39]} {[%emt 00:00:09]} d5 {[%clk 01:15:58]} {[%emt 00:00:38]} 4.
Bb5+ {[%clk 01:17:01]} {[%emt 00:00:08]} Bd7 {[%clk 01:15:55]} {[%emt
00:00:33]} 5. Bxd7+ {[%clk 01:17:22]} {[%emt 00:00:08]} Qxd7 {[%clk 01:15:54]}
{[%emt 00:00:31]} 6. Nf3 {[%clk 01:17:31]} {[%emt 00:00:21]} Nc6 {[%clk
01:15:50]} {[%emt 00:00:35]} 7. O-O {[%clk 01:17:21]} {[%emt 00:00:39]} dxe4
{[%clk 01:15:19]} {[%emt 00:01:02]} 8. Nxe4 {[%clk 01:17:29]} {[%emt 00:00:21]}
Be7 {[%clk 01:14:53]} {[%emt 00:00:56]} 9. d3 {[%clk 01:17:32]} {[%emt
00:00:27]} Nf6 {[%clk 01:14:49]} {[%emt 00:00:34]} 10. Nxf6+ {[%clk 01:17:34]}
{[%emt 00:00:28]} Bxf6 {[%emt 00:01:15]} 11. Be3 {[%clk 01:09:17]} {[%emt
00:07:51]} Bxb2 {[%clk 01:12:21]} {[%emt 00:03:09]} 12. Rb1 {[%clk 01:08:48]}
{[%emt 00:00:57]} Bd4 {[%clk 01:08:00]} {[%emt 00:04:54]} 13. Nxd4 {[%clk
01:07:32]} {[%emt 00:01:45]} Nxd4 {[%clk 01:07:01]} {[%emt 00:01:29]} 14. c3
{[%clk 01:05:55]} {[%emt 00:02:08]} Nf5 {[%clk 01:04:54]} {[%emt 00:02:36]} 15.
Bxc5 {[%clk 01:05:57]} {[%emt 00:00:28]} b6 {[%clk 01:05:15]} {[%emt 00:00:11]}
16. Bf2 {[%clk 01:05:08]} {[%emt 00:01:10]} O-O {[%clk 01:04:30]} {[%emt
00:01:23]} 17. d4 {[%clk 01:03:37]} {[%emt 00:02:01]} Rfd8 {[%clk 01:04:11]}
{[%emt 00:00:45]} 18. Qd3 {[%clk 00:59:12]} {[%emt 00:04:45]} Qc7 {[%clk
00:58:30]} {[%emt 00:06:25]} 19. Rbc1 {[%clk 00:57:24]} {[%emt 00:02:16]} Qxf4
{[%clk 00:56:43]} {[%emt 00:02:18]} 20. Bg3 {[%clk 00:51:18]} {[%emt 00:06:31]}
Qe3+ {[%clk 00:56:50]} {[%emt 00:00:28]} 21. Qxe3 {[%clk 00:51:30]} {[%emt
00:00:17]} Nxe3 {[%clk 00:57:11]} {[%emt 00:00:11]} 22. Rf3 {[%clk 00:50:05]}
{[%emt 00:01:49]} Nf5 {[%clk 00:56:43]} {[%emt 00:01:03]} 23. Bf4 {[%clk
00:49:47]} {[%emt 00:00:42]} Rac8 {[%clk 00:55:35]} {[%emt 00:01:42]} 24. Bd2
{[%clk 00:48:47]} {[%emt 00:01:30]} e5 {[%clk 00:55:38]} {[%emt 00:00:29]} 25.
Rxf5 {[%clk 00:48:16]} {[%emt 00:01:00]} exd4 {[%clk 00:55:29]} {[%emt
00:00:41]} 26. cxd4 {[%clk 00:46:28]} {[%emt 00:02:17]} Rxc1+ {[%clk 00:55:51]}
{[%emt 00:00:08]} 27. Bxc1 {[%clk 00:46:48]} {[%emt 00:00:11]} Rxd4 {[%clk
00:56:14]} {[%emt 00:00:07]} 28. Rf4 {[%clk 00:40:34]} {[%emt 00:06:26]} Rd6
{[%clk 00:54:56]} {[%emt 00:01:51]} 29. Re4 {[%clk 00:40:16]} {[%emt 00:00:55]}
f6 {[%clk 00:55:12]} {[%emt 00:00:22]} 30. Bf4 {[%clk 00:39:29]} {[%emt
00:01:09]} Rd1+ {[%clk 00:55:21]} {[%emt 00:00:29]} 31. Kf2 {[%clk 00:39:43]}
{[%emt 00:00:15]} a5 {[%clk 00:55:32]} {[%emt 00:00:20]} 32. Re1 {[%clk
00:38:28]} {[%emt 00:01:37]} Rd5 {[%clk 00:54:43]} {[%emt 00:01:24]} 33. Bc7
{[%clk 00:37:19]} {[%emt 00:01:28]} Rb5 {[%clk 00:54:15]} {[%emt 00:01:11]} 34.
Re6 {[%clk 00:37:23]} {[%emt 00:00:18]} Rb2+ {[%clk 00:54:37]} {[%emt
00:00:17]} 35. Re2 {[%clk 00:37:34]} {[%emt 00:00:17]} Rb5 {[%clk 00:54:54]}
{[%emt 00:00:15]} 36. Re6 {[%clk 00:37:46]} {[%emt 00:00:17]} Rb2+ {[%clk
00:55:17]} {[%emt 00:00:08]} 37. Re2 {[%clk 00:37:59]} {[%emt 00:00:16]} Rb5
{[%clk 00:55:40]} {[%emt 00:00:07]} 1/2-1/2

[Event "DEM U10w 2023"]
[Site "Willingen GER"]
[Date "2023.05.29"]
[Round "3"]
[White "Tiuca, Emma"]
[Black "Bayer, Klara"]
[Result "1-0"]
[Termination "normal"]
[Board "11"]
[WhiteElo "1149"]
[BlackElo "1043"]
[WhiteClock "01:09:33"]
[BlackClock "00:50:05"]
[PlyCount "57"]
[WhiteFideId "4007549"]
[BlackFideId "34658955"]
[EventCountry "GER"]
[EventRounds "11"]
[EventType "swiss"]
[EventDate "2023.05.27"]

1. e4 {[%clk 01:15:58]} {[%emt 00:13:57]} e5 {[%clk 01:15:31]} {[%emt
00:00:30]} 2. Nf3 {[%clk 01:16:20]} {[%emt 00:00:08]} Nc6 {[%clk 01:15:53]}
{[%emt 00:00:08]} 3. Bb5 {[%clk 01:16:39]} {[%emt 00:00:11]} Bc5 {[%clk
01:15:40]} {[%emt 00:00:44]} 4. Nxe5 {[%emt 00:00:12]} Nxe5 {[%emt 00:00:10]}
5. d4 {[%clk 01:16:39]} {[%emt 00:00:07]} a6 {[%clk 01:15:42]} {[%emt
00:00:29]} 6. Ba4 {[%clk 01:16:58]} {[%emt 00:00:09]} b5 {[%clk 01:16:04]}
{[%emt 00:00:08]} 7. Bb3 {[%clk 01:17:13]} {[%emt 00:00:16]} Qf6 {[%clk
01:15:02]} {[%emt 00:01:32]} 8. dxc5 {[%clk 01:17:22]} {[%emt 00:00:20]} Bb7
{[%clk 01:14:52]} {[%emt 00:00:41]} 9. f3 {[%clk 01:17:25]} {[%emt 00:00:27]}
Ne7 {[%clk 01:13:54]} {[%emt 00:01:28]} 10. Be3 {[%clk 01:17:06]} {[%emt
00:00:47]} O-O {[%clk 01:12:06]} {[%emt 00:02:20]} 11. O-O {[%clk 01:17:09]}
{[%emt 00:00:25]} a5 {[%clk 01:11:19]} {[%emt 00:01:20]} 12. a4 {[%clk
01:16:16]} {[%emt 00:01:21]} b4 {[%clk 01:09:37]} {[%emt 00:02:14]} 13. Nd2
{[%clk 01:16:08]} {[%emt 00:00:36]} Rad8 {[%clk 01:08:53]} {[%emt 00:01:15]}
14. Qe2 {[%clk 01:16:00]} {[%emt 00:00:34]} Rfe8 {[%clk 01:08:39]} {[%emt
00:00:47]} 15. Rad1 {[%clk 01:15:59]} {[%emt 00:00:28]} N7g6 {[%clk 01:07:34]}
{[%emt 00:01:38]} 16. f4 {[%clk 01:13:54]} {[%emt 00:02:35]} Nc6 {[%clk
01:06:46]} {[%emt 00:01:19]} 17. f5 {[%clk 01:13:22]} {[%emt 00:01:00]} Nge7
{[%clk 01:05:50]} {[%emt 00:01:27]} 18. Nc4 {[%clk 01:10:41]} {[%emt 00:03:11]}
Ba6 {[%clk 01:04:45]} {[%emt 00:01:36]} 19. Qf2 {[%clk 01:09:43]} {[%emt
00:01:24]} Bxc4 {[%clk 01:04:35]} {[%emt 00:00:44]} 20. Bxc4 {[%clk 01:09:53]}
{[%emt 00:00:19]} Qxb2 {[%clk 01:02:57]} {[%emt 00:02:10]} 21. Bb3 {[%clk
01:10:07]} {[%emt 00:00:14]} Qf6 {[%clk 01:00:54]} {[%emt 00:02:34]} 22. Qg3
{[%clk 01:09:41]} {[%emt 00:00:49]} Ne5 {[%clk 00:59:26]} {[%emt 00:02:05]} 23.
Bg5 {[%clk 01:09:10]} {[%emt 00:00:57]} Qc6 {[%clk 00:58:10]} {[%emt 00:01:50]}
24. Qxe5 {[%clk 01:09:16]} {[%emt 00:00:20]} Kf8 {[%clk 00:52:33]} {[%emt
00:06:11]} 25. f6 {[%clk 01:08:47]} {[%emt 00:00:58]} gxf6 {[%clk 00:51:58]}
{[%emt 00:01:06]} 26. Rxf6 {[%clk 01:08:49]} {[%emt 00:00:24]} Qxf6 {[%clk
00:51:03]} {[%emt 00:01:29]} 27. Qxf6 {[%clk 01:08:56]} {[%emt 00:00:18]} Kg8
{[%clk 00:49:51]} {[%emt 00:01:46]} 28. Qxf7+ {[%clk 01:09:12]} {[%emt
00:00:11]} Kh8 {[%clk 00:50:05]} {[%emt 00:00:21]} 29. Bf6# {[%clk 01:09:33]}
{[%emt 00:00:06]} 1-0